|
|
|
|
| LEADER |
01607nmm a2200373 a 4500 |
| 001 |
000790713 |
| 003 |
CZ BrMZK |
| 005 |
20120727140218.0 |
| 008 |
050926s2003 xr f d cze d |
| 040 |
|
|
|a BOA001
|b cze
|
| 072 |
|
7 |
|a 159.95
|x Vyšší duševní procesy
|2 Konspekt
|9 17
|
| 072 |
|
7 |
|a 37.016
|x Učební osnovy. Vyučovací předměty. Učebnice
|2 Konspekt
|9 22
|
| 080 |
|
|
|a 159.95:165.194
|2 MRF
|
| 080 |
|
|
|a (075.8)
|2 MRF
|
| 100 |
1 |
|
|a Švancara, Josef,
|d 1924-2020
|7 jk01131820
|4 aut
|
| 245 |
0 |
0 |
|a Úvod do kongitivní psychologie
|h [elektronický zdroj] /
|c Josef Švancara
|
| 250 |
|
|
|a 1. vyd.
|
| 256 |
|
|
|a textová data
|
| 260 |
|
|
|a V Brně :
|b Masarykova univerzita,
|c 2003
|
| 300 |
|
|
|a 1 elektronický optický disk (CD-ROM) ;
|c 12 cm
|
| 500 |
|
|
|a Copyright (text) Josef Švancara; copyright (software) Masarykova univerzita v Brně
|
| 508 |
|
|
|a Výrobce počítačového programu, Masarykova univerita v Brně
|
| 511 |
|
|
|a Čtou: Petr Zpěvák, Sylvie Kuráňová
|
| 650 |
0 |
7 |
|a kognitivní psychologie
|7 ph121696
|2 czenas
|
| 655 |
|
7 |
|a učebnice vysokých škol
|7 fd133772
|2 czenas
|
| 655 |
|
7 |
|a CD-ROM
|7 fd133955
|2 czenas
|
| 700 |
1 |
|
|a Zpěvák, Petr
|4 nrt
|
| 700 |
1 |
|
|a Kuráňová, Sylvie
|4 nrt
|
| 710 |
2 |
|
|a Masarykova univerzita
|7 kn20010709056
|4 prg
|
| 910 |
2 |
|
|a BOA001
|b CDR-1159.528
|
| 990 |
|
|
|a CF
|
| 991 |
|
|
|b 200511
|
| 996 |
6 |
|
|b 2610262228
|c CDR-1159.528
|l Stud. periodik/2.patro
|r Sklad / do 1 hodiny
|n 0
|p p.v.
|w 000790713
|u 000010
|a 1
|e BOA001
|j MZK50
|s P
|
| 996 |
6 |
|
|b 2610262229
|c CDR-1159.528
|l Stud. periodik/2.patro
|r Sklad / do 1 hodiny
|n 1
|p p.v.
|w 000790713
|u 000020
|a 1
|e BOA001
|j MZK50
|s P
|